01506nam a2200349 a 4500001001000000003000500010005001700015008004100032010001100073011001100084040000900095090001000104100003400114245012600148260003900274500006000313502010400373590004000477590004000517590004000557590004000597650005100637650004700688650004300735856007000778901000700848942001000855942000600865999001900871952013100890952013501021000113592CHAP20220329144403.0170808s2017 mx sm |||||||spa d a110053 a111025 cCHAP aTesis1 aDelgado Vega, Eduardo912675310aAjuste estructural y nuevo campesinado:h[En línea]bEjido Casas Blancas, Jerécuaro, Gto /cpor Eduardo Delgado Vega. aMorelia, Mich. :bEl autor,c2017. aPara ver el contenido del material haga clic en la liga aTesis (M.C. en Desarrollo Rural Regional) -- UACH. Dirección de Centros Regionales Universitarios aE5765TAJb05c20170808lUCH01h0919 aE5765TAJb05c20170808lUCH01h0919 aE5765TAJb05c20170808lUCH01h0919 aE5765TAJb05c20170808lUCH01h092214aCampesinadoxCondiciones económicas.913053314aCampesinadoxCondiciones sociales.913053214aEjidosxAspectos económicos.9133036 aFinding aiduhttp://10.13.5.2/tesis/sist113592.pdfzTeclea aquí aBK cTESIS n0 c110053d110053 00104054718TESISaBCbBCd2017-08-08fTESISl0oTesisp113594-10r2019-12-31 00:00:00w2019-12-31yTESISzRecien adquirido 00102local4053708TESISaBCbBCcPA_TESISd2017-08-08fTESISl0oTesisp113594-20r2019-12-31 00:00:00tc.2w2019-12-31yTESIS